000 00271nam a2200133Ia 4500
100 _aKamenihny/I
942 _cBK
654 _aheat
245 _aHeat Treatment Hand Book
260 _bMir Publishers
_c2001
082 _a671.3
300 _a275
546 _aENGLISH
999 _c19759
_d19759